Urban Agglomeration - Letter F - Statistics

General Stats
  • This quiz has been taken 24 times
  • The average score is 4 of 6
Answer Stats
Second Letter Answer % Correct
R Frankfurt am Main | Freetown | Fresno
95%
E Fes
75%
U Fukuoka
75%
O Fortaleza
65%
A Faisalabad
60%
L Florianópolis
45%
No matching quizzes found
Score Distribution
Percent of People with Each Score
Percentile by Number Answered
Your Score History
You have not taken this quiz